| 000 | nam a22 7a 4500 | ||
|---|---|---|---|
| 999 |
_c30340 _d30340 |
||
| 008 | 190516b xxu||||| |||| 00| 0 eng d | ||
| 020 | _a9966713417 | ||
| 040 | _amksu | ||
| 050 |
_aLB 1025.2 _b.K57 2009 |
||
| 100 | _aKiruhi,Macharia. | ||
| 245 |
_aMethods of instruction : _ba guide for teachers and teacher educators / _cMacharia Kiruhi,Benard Githua and Guantai Mboroki. |
||
| 260 |
_aKenya : _bGugno Books & Allied, _c2009. |
||
| 300 |
_ax,206p. : _bill. ; _c21cm. |
||
| 500 | _ainclude index. | ||
| 504 | _ainclude bibliographic references. | ||
| 700 | _aGithua,Benard. | ||
| 700 | _aMboroki,Guantai. | ||
| 942 |
_2lcc _cAFRICANA _hLB 1025.2 .K57 2009 |
||